000
00280nam a22001097a 4500
008
230620b xxu||||| |||| 00| 0 eng d
082
_a
323
_b
DES 1993
245
_a
Human Rights and dIsabled Persons
260
_a
New York
_b
United Nations
_c
1993
300
_a
IV,43p
942
_2
ddc
_c
BK
999
_c
1759
_d
1759